000 00626nam a2200229Ia 4500
005 20250508164509.0
008 008 250505s9999 xx 000 0 eng d
037 _aTextual
040 _aFEDL
_beng
_cFEDL
041 _aeng
_2eng
084 _a333.91, KOT
_qFEDL
100 _aKothari Ashish
245 0 _aEnvironmental aspects of the Sardar Sarovar project
260 _aNew Delhi, India
_bKalpavriksh
_c1994
300 _a42p.
365 _aINR
_b20
546 _aMACESE
650 _aWater resources
700 _a Rahul N Ram
_9778295
942 _cTEXL
_h333.91, KOT
999 _c1389427
_d1389427